00229nam a2200097Ia 4500008004100000082001200041100001700053245002300070260001800093600002000111241002s9999 xx 000 0 und d a335 ENG aEngles, Mark 4aThe Essential Left aLondon:c1963 aSocial Sciences